=LDR 00000nam 2200000 4500 =001 INLIS000000000004667 =005 20260408010149 =035 ##$$a 0010-061300000004667 =008 260408################g##########0#ind## =041 ##$$a Ind =082 ##$$a 693.5 =090 ##$$a 693.5, Tat t =245 ##$$a Tata cara perhitungan struktur beton untuk bangunan gedung =260 ##$$a Bandung :$b Yayasan LPMB Departemen Pekerjaan Umum,$c 1991 =300 ##$$a 181 hlm. : $b ilus. ; $c 25 x 20 cm. =650 #4$$a Struktur Beton Bangunan =710 #$$a Departemen Pekerjaan Umum RI =850 ##$$a NBPNMAT =084 ##$$a 693.5 TAT t =250 ##$$a Cet. 1 =990 ##$$a 160.817 - 160.820/Pb.2001 =990 ##$$a DW00012474 =990 ##$$a DW00012475 =990 ##$$a DW00012476 =990 ##$$a 160.817/Pb.2001 =990 ##$$a DW00012474 =990 ##$$a DW00012475 =990 ##$$a DW00012476 =990 ##$$a DW00012474 =990 ##$$a 160.817/Pb.2001 =990 ##$$a DW00012475 =990 ##$$a DW00012476 =990 ##$$a DW00012475 =990 ##$$a 160.817/Pb.2001 =990 ##$$a DW00012474 =990 ##$$a DW00012476 =990 ##$$a DW00012476 =990 ##$$a 160.817/Pb.2001 =990 ##$$a DW00012474 =990 ##$$a DW00012475